[Event "Lichtenberger Sommer 2016"]
[Site "?"]
[Date "2016.08.17"]
[Round "5.51"]
[White "Lieder, Günter"]
[Black "Püschel, Werner"]
[Result "1/2-1/2"]
[WhiteElo "1866"]
[BlackElo "2028"]
[PlyCount "91"]
[EventDate "2016.??.??"]
[WhiteTeam "SK Turm Bad Hersfeld"]
[BlackTeam "Lasker Steglitz-Wilmersdorf"]

1. c4 Nf6 2. Nc3 b6 3. d3 Bb7 4. e4 d6 5. Nf3 Nbd7 6. g3 g6 7. Bg2 Bg7 8. O-O
a5 9. a4 O-O 10. Bd2 e5 11. Qc2 Nc5 12. Ne1 Ne6 13. Ne2 Nd7 14. Be3 Ndc5 15. f4
f5 16. exf5 Bxg2 17. Kxg2 gxf5 18. fxe5 dxe5 19. Rd1 Qd7 20. d4 Nxd4 21. Bxd4
exd4 22. Nf4 Rae8 23. b3 Re3 24. Ned3 Rfe8 25. Nxc5 Qc6+ 26. Kg1 Qxc5 27. Rf2
Rc3 28. Qb1 Ree3 29. Nd5 Rxb3 30. Qxf5 Re5 31. Qc8+ Bf8 32. Rdf1 d3 33. Kg2 Re2
34. Rxe2 dxe2 35. Qg4+ Kh8 36. Qxe2 Qd6 37. Qf2 Bg7 38. Qf7 Rb2+ 39. Kh1 Qe5
40. Qf3 c6 41. Nf4 Qd6 42. Nh5 Qh6 43. Nxg7 Qxg7 44. Qxc6 Qe7 45. Qf3 Re2 46.
Qd5 1/2-1/2

[Event "Lichtenberger Sommer 2016"]
[Site "?"]
[Date "2016.08.17"]
[Round "5.53"]
[White "Grassi, Fabrizio"]
[Black "Shapiro, Yosip"]
[Result "0-1"]
[WhiteElo "1839"]
[BlackElo "2090"]
[PlyCount "91"]
[EventDate "2016.??.??"]
[WhiteTeam "SV Berlin-Friedrichstadt"]
[BlackTeam "SV Berolina Mitte"]

1. d4 Nf6 2. Bf4 c5 3. e3 g6 4. c3 Bg7 5. Nf3 Qb6 6. Qb3 d5 7. Nbd2 O-O 8. Be2
Nc6 9. Ne5 c4 10. Qc2 Bf5 11. Qc1 Rac8 12. g4 Nxe5 13. gxf5 Nd3+ 14. Bxd3 cxd3
15. Be5 Ne4 16. Bxg7 Kxg7 17. f4 Qf6 18. Nxe4 dxe4 19. Qd2 Qh4+ 20. Qf2 Qxf2+
21. Kxf2 gxf5 22. Rhg1+ Kh8 23. Rg5 e6 24. Rag1 Rg8 25. R5g3 Rg6 26. R1g2 Kg7
27. Ke1 Kf6 28. Kd2 Rcg8 29. c4 Rg4 30. Rxg4 Rxg4 31. Rg3 h5 32. Kc3 h4 33. Rh3
Ke7 34. b4 Kd6 35. a4 Kc6 36. a5 a6 37. Kb3 b5 38. axb6 Kxb6 39. Kc3 a5 40.
bxa5+ Kxa5 41. Kb3 Kb6 42. Kc3 Ka6 43. Kb3 Ka5 44. Kc3 Ka4 45. d5 exd5 46. cxd5
0-1

[Event "Lichtenberger Sommer 2016"]
[Site "?"]
[Date "2016.08.17"]
[Round "5.54"]
[White "Wolff, Marie Antoinette"]
[Black "Richter, Götz"]
[Result "1/2-1/2"]
[WhiteElo "1770"]
[BlackElo "2009"]
[PlyCount "51"]
[EventDate "2016.??.??"]
[WhiteTeam "Leegebrucher SF"]
[BlackTeam "Klub Kölner SF"]

1. c4 e5 2. Nc3 Nf6 3. g3 Bb4 4. Bg2 O-O 5. d3 Bxc3+ 6. bxc3 h6 7. Nf3 d6 8.
O-O Na6 9. Nd2 c6 10. Ba3 Re8 11. Rb1 Nc7 12. Qc2 Ne6 13. Nf3 Qc7 14. Qb2 Rb8
15. Nd2 Ng4 16. h4 Nf6 17. Qc1 Nf8 18. c5 d5 19. c4 d4 20. Nf3 Bf5 21. Qd2 Ne6
22. e3 Rbd8 23. Rb3 dxe3 24. Qxe3 Nd7 25. Rfb1 Rb8 26. Bf1 1/2-1/2

[Event "Lichtenberger Sommer 2016"]
[Site "?"]
[Date "2016.08.17"]
[Round "5.55"]
[White "Petersen, Moritz"]
[Black "Friedrich, Gerhard"]
[Result "0-1"]
[WhiteElo "1729"]
[BlackElo "1930"]
[PlyCount "36"]
[EventDate "2016.??.??"]
[WhiteTeam "SV Rüdersdorf"]
[BlackTeam "SG Schwäbisch Gmünd"]

1. d4 d5 2. Nf3 e6 3. Bf4 Nf6 4. e3 c5 5. c3 Nc6 6. Nbd2 Be7 7. Be2 O-O 8. O-O
Nh5 9. g3 Nf6 10. Ne5 Nd7 11. Nxc6 bxc6 12. Bd3 f5 13. Be5 cxd4 14. exd4 c5 15.
f4 Nxe5 16. dxe5 c4 17. Be2 Qb6+ 18. Kh1 Qxb2 0-1

[Event "Lichtenberger Sommer 2016"]
[Site "?"]
[Date "2016.08.17"]
[Round "5.56"]
[White "Glienke, Michael"]
[Black "Willich, Manfred"]
[Result "1/2-1/2"]
[WhiteElo "1779"]
[BlackElo "1969"]
[PlyCount "94"]
[EventDate "2016.??.??"]
[WhiteTeam "SC Kreuzberg"]
[BlackTeam "SK Turm Bad Hersfeld"]

1. d4 Nf6 2. Bf4 b6 3. c4 Bb7 4. e3 e6 5. Nf3 Be7 6. h3 O-O 7. Be2 d6 8. O-O
Nbd7 9. Nc3 Re8 10. b4 Bf8 11. Qb3 e5 12. dxe5 dxe5 13. Bh2 Qe7 14. a3 c5 15.
b5 Rad8 16. Rfd1 e4 17. Nh4 Qe6 18. g4 Ne5 19. a4 g6 20. a5 Be7 21. Ng2 g5 22.
axb6 axb6 23. Na4 Nf3+ 24. Bxf3 exf3 25. Ne1 h5 26. Bc7 Rxd1 27. Rxd1 Nd7 28.
Qd3 Ne5 29. Qf5 Qxf5 30. gxf5 Nxc4 31. Nxb6 Nxb6 32. Bxb6 Be4 33. f6 Bf8 34.
Bc7 Kh7 35. Rd7 Kg6 36. b6 Ra8 37. Kh2 Kxf6 38. h4 Ke6 39. Rd2 f6 40. hxg5 fxg5
41. Kg3 g4 42. Kh4 Be7+ 43. Kg3 Rg8 44. Nd3 h4+ 45. Kh2 Bd6+ 46. Nf4+ Bxf4+ 47.
Bxf4 Bd5 1/2-1/2

[Event "Lichtenberger Sommer 2016"]
[Site "?"]
[Date "2016.08.17"]
[Round "5.57"]
[White "Schiering, Manfred"]
[Black "Kuran, Wilfried"]
[Result "0-1"]
[WhiteElo "1671"]
[BlackElo "1885"]
[PlyCount "180"]
[EventDate "2016.??.??"]
[WhiteTeam "vereinslos"]
[BlackTeam "Spielgemeinschaft Sauwald"]

1. c4 f5 2. Nf3 Nf6 3. g3 d6 4. Bg2 e5 5. d3 Be7 6. Nc3 O-O 7. e4 c6 8. O-O Qe8
9. Re1 fxe4 10. dxe4 Nbd7 11. Be3 h6 12. Rc1 Ng4 13. h3 Nxe3 14. Rxe3 Nf6 15.
Rd3 Qf7 16. b3 Ne8 17. Rc2 Be6 18. c5 Rd8 19. cxd6 Bxd6 20. Nxe5 Bxe5 21. Rxd8
Bc7 22. Rd3 Qg6 23. Rf3 Nf6 24. Qe2 Be5 25. Qe3 b6 26. Ne2 Qe8 27. Nd4 Bd7 28.
Ne2 Qe7 29. Nf4 Kh7 30. Nd3 Bb8 31. e5 Nd5 32. Qe4+ Kg8 33. Rxf8+ Kxf8 34. f4
Qf7 35. g4 Ne7 36. Rf2 c5 37. Qe2 Bb5 38. Qc2 Nd5 39. Qd2 Bc6 40. Ne1 Bc7 41.
Nc2 Qe6 42. Ne3 Ne7 43. Bxc6 Nxc6 44. Qd5 Qe8 45. Nc2 Bd8 46. Kg2 Bh4 47. Re2
Ne7 48. Qd6 Qb5 49. Kf3 Qa5 50. Ne3 Qc3 51. Qd2 Qa1 52. Qb2 Qh1+ 53. Rg2 Qxh3+
54. Ke4 Nc6 55. Qe2 Nd4 56. Qf1 Bd8 57. Qf2 Qh1 58. Qg1 Qh4 59. Nf5 Nxf5 60.
gxf5 Qe7 61. Qd1 Qe8 62. Qd5 Be7 63. Qe6 Qa8+ 64. Qd5 Qe8 65. Rh2 Qb5 66. Qd3
Qb4+ 67. Kf3 Qe1 68. Qe2 Qg1 69. Qf2 Qd1+ 70. Qe2 Qd4 71. Rg2 Bh4 72. Qd2 Qa1
73. Qe2 Qb1 74. Qc2 Qf1+ 75. Ke4 Qb5 76. Qc4 Qe8 77. a4 Be7 78. Qd5 h5 79. Kf3
h4 80. Rg6 Qc8 81. Qe4 Qd8 82. f6 gxf6 83. Rh6 Qd1+ 84. Kg2 Qg4+ 85. Kf1 Qd1+
86. Qe1 Qf3+ 87. Qf2 Qh3+ 88. Kg1 c4 89. Qxh4 Bc5+ 90. Qf2 Bxf2+ 0-1

[Event "Lichtenberger Sommer 2016"]
[Site "?"]
[Date "2016.08.17"]
[Round "5.58"]
[White "Casny, Guenter"]
[Black "Keusch, Horst"]
[Result "1-0"]
[WhiteElo "1862"]
[BlackElo "1973"]
[PlyCount "135"]
[EventDate "2016.??.??"]
[WhiteTeam "SC Rochade (Berlin)"]
[BlackTeam "SC Eintracht Berlin"]

1. d4 Nf6 2. e3 d5 3. Bd3 g6 4. Nd2 Bg7 5. Ngf3 O-O 6. Ne5 Nbd7 7. f4 c5 8. c3
c4 9. Bc2 Nxe5 10. fxe5 Bg4 11. Nf3 Ne4 12. O-O f6 13. exf6 exf6 14. Qe1 Qe7
15. h3 Bxf3 16. gxf3 Nd6 17. Bd2 f5 18. Qg3 Rae8 19. Rae1 Rf6 20. Kh1 Bh6 21.
Bc1 Re6 22. f4 b5 23. Kh2 Bg7 24. Qf3 Ne4 25. Bxe4 fxe4 26. Qg4 Rf8 27. Rg1 Rf5
28. Rg2 Kh8 29. Rh1 a5 30. Bd2 Ra6 31. Be1 Bf6 32. Kg1 Ra8 33. h4 Rh5 34. Rgh2
Qf7 35. Kf1 Rd8 36. Ke2 Be7 37. Rf1 Bd6 38. Rhf2 Rf8 39. Rg1 Qe7 40. Rfg2 Rff5
41. Kd1 b4 42. Rh1 Qe8 43. Kc1 Qa4 44. Kb1 Qb5 45. Qd1 Be7 46. Rgh2 Rf8 47. Ka1
a4 48. cxb4 Bxb4 49. Bxb4 Qxb4 50. Qd2 Qb5 51. Qc3 Rb8 52. Rg1 Rf5 53. Rc1 Kg7
54. Qa3 Qd7 55. Qc3 Rf6 56. Rg1 Qa7 57. h5 Rb3 58. Qd2 Rd3 59. Qc1 a3 60. hxg6
Rxg6 61. Rxg6+ hxg6 62. bxa3 Qa4 63. Rh1 Rxa3 64. Qb2 Qa6 65. Qh2 Qf6 66. Qh8+
Kf7 67. Rh7+ Ke6 68. Qe8+ 1-0

[Event "Lichtenberger Sommer 2016"]
[Site "?"]
[Date "2016.08.17"]
[Round "5.59"]
[White "Seitz, Patrick"]
[Black "Radjenovisc, Branko"]
[Result "0-1"]
[WhiteElo "1745"]
[BlackElo "1802"]
[PlyCount "103"]
[EventDate "2016.??.??"]
[WhiteTeam "SR Heuberg-Gosheim"]
[BlackTeam "SK Dragojle Babic (Berlin)"]

1. e4 Nf6 2. e5 Nd5 3. d4 d6 4. c4 Nb6 5. exd6 cxd6 6. Nf3 g6 7. b3 Bg7 8. Bb2
O-O 9. Be2 d5 10. c5 N6d7 11. Nc3 Nf6 12. O-O Nc6 13. Re1 a6 14. Na4 Nd7 15.
Rc1 e6 16. h3 Rb8 17. Nh2 Bh6 18. Rc3 Nf6 19. Bf3 Qc7 20. a3 Bd7 21. Nb6 Be8
22. Bc1 Bxc1 23. Rxc1 Qf4 24. Re3 Nxd4 25. Rcc3 Nf5 26. Red3 Bb5 27. Rd2 Ne4
28. Bxe4 Qxe4 29. Ng4 Kg7 30. a4 Bc6 31. f3 Qf4 32. Rcd3 h5 33. Qa1+ f6 34. Nh2
Rbd8 35. Qe1 Rfe8 36. g4 Nh6 37. Rg2 Kf7 38. Qd1 h4 39. Kh1 g5 40. Rd4 Qc7 41.
f4 gxf4 42. Nf3 e5 43. Nxd5 Qa5 44. g5 exd4 45. Qxd4 Ng8 46. gxf6 Rxd5 47. Rg7+
Kf8 48. f7 Re1+ 49. Kh2 Re2+ 50. Kg1 Ne7 51. Qa1 Qxc5+ 52. Kh1 0-1

[Event "Lichtenberger Sommer 2016"]
[Site "?"]
[Date "2016.08.17"]
[Round "5.60"]
[White "Kretzschmar, Jan"]
[Black "Bladt, Johannes"]
[Result "0-1"]
[WhiteElo "1808"]
[BlackElo "1874"]
[PlyCount "118"]
[EventDate "2016.??.??"]
[WhiteTeam "SC Kreuzberg"]
[BlackTeam "SK Singen"]

1. d4 e6 2. g3 Nf6 3. Bg2 c5 4. c3 Nc6 5. e4 d5 6. e5 Nd7 7. Ne2 Qb6 8. O-O Be7
9. Be3 Qxb2 10. Nd2 Qb6 11. Kh1 Qc7 12. f4 g6 13. g4 b6 14. Ng3 Ba6 15. Rf2 Na5
16. f5 Nc4 17. Bh6 Bf8 18. Bxf8 Rxf8 19. fxe6 fxe6 20. Rxf8+ Nxf8 21. Qa4+ Ke7
22. Nf3 Bc8 23. Ng5 h6 24. Nh3 Bd7 25. Qd1 Be8 26. Qe2 Kd8 27. Rf1 Qe7 28. Nf4
Bc6 29. Re1 Kc7 30. Ne4 g5 31. Nh5 Nd7 32. Nef6 Rf8 33. Nxd7 Bxd7 34. Nf6 Bc6
35. Rf1 a6 36. Qf2 Rd8 37. Nh5 Be8 38. Qf6 Rd7 39. Qxe7 Rxe7 40. Nf6 Kc6 41.
Ng8 Rf7 42. Rf6 Rxf6 43. exf6 Kd7 44. Nxh6 Bg6 45. Kg1 Ne3 46. Bf3 cxd4 47.
cxd4 Nc2 48. Be2 b5 49. h4 gxh4 50. g5 Nxd4 51. Bg4 Ke8 52. Ng8 Nf5 53. Kf2 Kf7
54. Bxf5 Bxf5 55. Nh6+ Kf8 56. Kf3 d4 57. Kf4 d3 58. Nxf5 exf5 59. Kxf5 d2 0-1

[Event "Lichtenberger Sommer 2016"]
[Site "?"]
[Date "2016.08.17"]
[Round "5.61"]
[White "Rehmsmeier, Marc"]
[Black "Bauder, Herbert"]
[Result "1/2-1/2"]
[WhiteElo "1686"]
[BlackElo "1924"]
[PlyCount "85"]
[EventDate "2016.??.??"]
[WhiteTeam "vereinslos"]
[BlackTeam "Lasker Steglitz-Wilmersdorf"]

1. d4 Nf6 2. c4 g6 3. Nc3 Bg7 4. e4 d6 5. Nf3 O-O 6. Be2 e5 7. dxe5 dxe5 8.
Qxd8 Rxd8 9. Bg5 Nbd7 10. Nd5 c6 11. Nxf6+ Nxf6 12. Nd2 h6 13. Be3 Ng4 14. Bc5
Bf8 15. Bxf8 Kxf8 16. Nb3 Nf6 17. f3 b6 18. Kf2 Be6 19. Rhd1 Ke7 20. Rxd8 Rxd8
21. c5 Nd7 22. cxb6 axb6 23. Nc1 Nc5 24. b3 Rd2 25. Ke3 Rd8 26. Nd3 Nxd3 27.
Bxd3 Ra8 28. Bc2 Ra3 29. Kd3 c5 30. Kc3 b5 31. Kb2 b4 32. Bd3 Kd6 33. Bb5 Ra5
34. Rd1+ Kc7 35. Be2 Ra8 36. h4 Rd8 37. Rxd8 Kxd8 38. Bc4 Kd7 39. g4 g5 40.
hxg5 hxg5 41. Kc2 Bxc4 42. bxc4 Kc6 43. Kb3 1/2-1/2

[Event "Lichtenberger Sommer 2016"]
[Site "?"]
[Date "2016.08.17"]
[Round "5.62"]
[White "Werner, Justus"]
[Black "Milare, Tyron"]
[Result "1-0"]
[WhiteElo "1937"]
[BlackElo "1788"]
[PlyCount "65"]
[EventDate "2016.??.??"]
[WhiteTeam "SG Stadtilm"]
[BlackTeam "Potsdamer SV"]

1. c4 Nf6 2. g3 e6 3. d4 d5 4. Nf3 Be7 5. Bg2 O-O 6. O-O dxc4 7. Qc2 a6 8. a4
b6 9. Ne5 Nd5 10. Qxc4 Bb7 11. Nc3 c6 12. Rd1 b5 13. Qb3 Nd7 14. Nxd5 exd5 15.
Bf4 Nxe5 16. Bxe5 Bd6 17. axb5 axb5 18. Rxa8 Bxa8 19. Ra1 Bxe5 20. dxe5 Qb6 21.
Qa3 g6 22. Qe7 Qd8 23. Qd6 Qb8 24. Bh3 Rd8 25. Qf6 Re8 26. e6 Qc7 27. Rxa8 Rxa8
28. exf7+ Kf8 29. Qh8+ Ke7 30. Qxa8 Kxf7 31. Qc8 Qxc8 32. Bxc8 Ke7 33. Kf1 1-0

[Event "Lichtenberger Sommer 2016"]
[Site "?"]
[Date "2016.08.17"]
[Round "5.63"]
[White "Schneider, Eckehard"]
[Black "Kievelitz, Bernd"]
[Result "1/2-1/2"]
[WhiteElo "1800"]
[BlackElo "1866"]
[PlyCount "61"]
[EventDate "2016.??.??"]
[WhiteTeam "SF 1903 Berlin"]
[BlackTeam "SC Zitadelle Spandau"]

1. e4 c5 2. c3 Nf6 3. e5 Nd5 4. Nf3 e6 5. Bc4 b6 6. O-O Bb7 7. d4 Qc7 8. Bxd5
Bxd5 9. Be3 Nc6 10. Nbd2 cxd4 11. cxd4 Be7 12. Rc1 O-O 13. a3 Rac8 14. b4 Qb7
15. Qe2 d6 16. Bf4 dxe5 17. dxe5 f6 18. exf6 Bxf6 19. Ne4 Be7 20. Bg3 Nd8 21.
Rxc8 Qxc8 22. Re1 Qb7 23. Qe3 a5 24. b5 Bxe4 25. Qxe4 Qxe4 26. Rxe4 Bxa3 27.
Bc7 Bc5 28. Kf1 h6 29. Ke2 Re8 30. Bxd8 Rxd8 31. Rxe6 1/2-1/2

[Event "Lichtenberger Sommer 2016"]
[Site "?"]
[Date "2016.08.17"]
[Round "5.64"]
[White "Eisheh, Jens-Tarek"]
[Black "Maple, Shawn"]
[Result "1-0"]
[WhiteElo "1828"]
[BlackElo "1726"]
[PlyCount "69"]
[EventDate "2016.??.??"]
[WhiteTeam "Lübecker SV"]
[BlackTeam "Königsjäger Süd-West"]

1. e4 c5 2. Nc3 g6 3. f4 Bg7 4. Nf3 d6 5. Bb5+ Bd7 6. Bc4 Nc6 7. O-O a6 8. a4
e6 9. d3 Nge7 10. Qe1 Nb4 11. Bb3 Nec6 12. f5 Nd4 13. Nxd4 Bxd4+ 14. Kh1 O-O
15. Bh6 Re8 16. Qg3 Be5 17. Qg4 exf5 18. exf5 Kh8 19. Bxf7 Bxf5 20. Rxf5 gxf5
21. Qh5 Nxc2 22. Rf1 Nd4 23. Nd5 Rf8 24. Bg5 Qd7 25. Ne7 Rxf7 26. Qxf7 Qe6 27.
Qh5 Rf8 28. Qh4 Nc6 29. Nxc6 bxc6 30. b4 cxb4 31. Qxb4 Qd5 32. Qd2 Qd4 33. Bh6
Qh4 34. g3 Bxg3 35. Bxf8 1-0

[Event "Lichtenberger Sommer 2016"]
[Site "?"]
[Date "2016.08.17"]
[Round "5.65"]
[White "Kapp, Frank"]
[Black "Ollek, Karl-Heinz"]
[Result "0-1"]
[WhiteElo "1913"]
[BlackElo "1739"]
[PlyCount "120"]
[EventDate "2016.??.??"]
[WhiteTeam "TSV IFA Chemnitz"]
[BlackTeam "SC Friesen Lichtenberg"]

1. d4 d5 2. Bf4 Nf6 3. Nf3 g6 4. e3 Bg7 5. h3 O-O 6. Bd3 c5 7. c3 Nc6 8. Nbd2
Nd7 9. Rc1 Re8 10. O-O e5 11. dxe5 Ndxe5 12. Bb1 Be6 13. Nxe5 Nxe5 14. Nf3
Nxf3+ 15. Qxf3 f5 16. Rfd1 Qh4 17. Qg3 Qxg3 18. Bxg3 g5 19. Bd6 Rac8 20. Bd3
Bf6 21. a4 Red8 22. Bg3 h5 23. f4 Kf7 24. Rf1 g4 25. hxg4 hxg4 26. c4 dxc4 27.
Bxc4 Bxc4 28. Rxc4 Rd3 29. b4 Rxe3 30. Bf2 Re4 31. Rxe4 fxe4 32. bxc5 g3 33.
Bxg3 Bd4+ 34. Kh1 Rh8+ 35. Bh2 Bxc5 36. g3 Kf6 37. Rd1 e3 38. Re1 Kf5 39. Kg2
Kg4 40. Re2 b6 41. Bg1 Rh3 42. Bh2 a5 43. f5 Rxh2+ 44. Kxh2 Kf3 45. Re1 e2 46.
Kh3 Be7 47. Rc1 Bb4 48. f6 e1=Q 49. Rxe1 Bxe1 50. f7 Bb4 51. Kh4 Be7+ 52. Kh5
Kxg3 53. Kg6 Kf4 54. Kg7 Ke5 55. f8=Q Bxf8+ 56. Kxf8 Kd6 57. Ke8 Kc5 58. Kd7
Kb4 59. Kc7 Kxa4 60. Kxb6 Kb4 0-1

[Event "Lichtenberger Sommer 2016"]
[Site "?"]
[Date "2016.08.17"]
[Round "5.66"]
[White "Schröter, Maik"]
[Black "Lange, Malina"]
[Result "1-0"]
[WhiteElo "1904"]
[BlackElo "795"]
[PlyCount "37"]
[EventDate "2016.??.??"]
[WhiteTeam "SG Stadtilm"]
[BlackTeam "TuS Makkabi Berlin"]

1. e4 e5 2. Nf3 Nc6 3. d4 exd4 4. Nxd4 Nf6 5. Nxc6 bxc6 6. Bd3 d5 7. Qe2 Be6 8.
Bg5 Be7 9. Bxf6 Bxf6 10. e5 Bg5 11. O-O O-O 12. f4 Be7 13. f5 Bd7 14. f6 Bc5+
15. Kh1 gxf6 16. Qh5 f5 17. Rxf5 Be3 18. Rg5+ Qxg5 19. Qxh7# 1-0

[Event "Lichtenberger Sommer 2016"]
[Site "?"]
[Date "2016.08.17"]
[Round "5.67"]
[White "Korell, Klaus-Peter"]
[Black "Lehmkuhl, Stefan"]
[Result "0-1"]
[WhiteElo "1875"]
[BlackElo "1875"]
[PlyCount "78"]
[EventDate "2016.??.??"]
[WhiteTeam "SG TT/Wiheil (FV Schach)"]
[BlackTeam "Breloher SC"]

1. d4 d6 2. Nf3 g6 3. c4 Bg7 4. e4 Nc6 5. Nc3 e5 6. Bg5 f6 7. Be3 Nh6 8. d5 Ne7
9. h3 O-O 10. Qd2 Nf7 11. g3 a6 12. Bd3 Bd7 13. O-O-O Qc8 14. Kb1 Bxh3 15. Rdg1
Bg4 16. Nh2 Bd7 17. g4 c6 18. f3 b5 19. dxc6 Bxc6 20. cxb5 axb5 21. Nxb5 d5 22.
Bc5 Re8 23. Qb4 Qb7 24. Rc1 dxe4 25. fxe4 Rad8 26. Rhd1 Rxd3 27. Rxd3 Bxb5 28.
Rb3 Bf8 29. Qxb5 Qxe4+ 30. Qd3 Qf4 31. Qe2 Rd8 32. Rc2 e4 33. Rb4 f5 34. gxf5
gxf5 35. Be3 Qh4 36. Qg2+ Ng6 37. Bf2 Rd1+ 38. Rc1 Rxc1+ 39. Kxc1 Qf4+ 0-1

[Event "Lichtenberger Sommer 2016"]
[Site "?"]
[Date "2016.08.17"]
[Round "5.68"]
[White "Christensen, Andreas"]
[Black "Schilly, Hans-Joachim"]
[Result "1-0"]
[WhiteElo "1773"]
[BlackElo "1804"]
[PlyCount "59"]
[EventDate "2016.??.??"]
[WhiteTeam "Hamburger SK"]
[BlackTeam "SF Siemensstadt"]

1. e4 c6 2. d4 d5 3. Nc3 dxe4 4. Nxe4 Nd7 5. Ng5 Ngf6 6. Bd3 e6 7. N1f3 Be7 8.
Qe2 O-O 9. Bd2 h6 10. h4 Nb6 11. O-O-O Nbd5 12. Ne4 a5 13. Ne5 Nb4 14. Nxf6+
Bxf6 15. Bc4 Bd7 16. c3 Nd5 17. Qe4 Be7 18. g4 b5 19. Bd3 f5 20. gxf5 exf5 21.
Qg2 Rf6 22. Rdg1 Bf8 23. Bg5 hxg5 24. hxg5 Nf4 25. Qh2 Nxd3+ 26. Nxd3 Re6 27.
g6 Rxg6 28. Qh7+ Kf7 29. Qxg6+ Kg8 30. Ne5 1-0

[Event "Lichtenberger Sommer 2016"]
[Site "?"]
[Date "2016.08.17"]
[Round "5.69"]
[White "Völler, Lothar"]
[Black "Junge, Wolfgang"]
[Result "0-1"]
[WhiteElo "1778"]
[BlackElo "1875"]
[PlyCount "142"]
[EventDate "2016.??.??"]
[WhiteTeam "FS Dortmund"]
[BlackTeam "SC Friesen Lichtenberg"]

1. c4 Nf6 2. Nc3 e6 3. e4 c5 4. d3 Nc6 5. g3 Be7 6. Bg2 O-O 7. Nge2 d6 8. O-O
Re8 9. a3 a6 10. Rb1 a5 11. f4 Nd7 12. Be3 Qc7 13. Nb5 Qb8 14. Nec3 Nf8 15. Qf3
Na7 16. h4 Nxb5 17. Nxb5 Bd7 18. h5 Bxb5 19. cxb5 Nd7 20. d4 Qd8 21. e5 cxd4
22. Bxd4 d5 23. f5 Bc5 24. Bxc5 Nxc5 25. fxe6 fxe6 26. Qf7+ Kh8 27. b4 axb4 28.
axb4 Re7 29. Qf3 Nd7 30. Qe3 Qe8 31. h6 g6 32. Rbc1 Rc8 33. Rxc8 Qxc8 34. Qg5
Qe8 35. Rc1 Rf7 36. Bh3 Nf8 37. Rc5 Kg8 38. Qc1 Qe7 39. b6 Rf3 40. Rc3 Rxc3 41.
Qxc3 Qg5 42. Kg2 Qxh6 43. Qc8 Qd2+ 44. Kh1 Qe1+ 45. Kg2 Qe2+ 46. Kg1 Qe3+ 47.
Kf1 Qxb6 48. Ke2 Qc6 49. Qd8 Qc2+ 50. Kf1 Qd1+ 51. Kf2 Qd4+ 52. Kf1 Qxe5 53.
Qb6 d4 54. Qd8 Kf7 55. Bg2 Qxg3 56. Bxb7 Qf4+ 57. Ke1 h5 58. Bc6 Qc1+ 59. Ke2
Qxc6 60. Qxd4 Qg2+ 61. Ke1 Qg3+ 62. Kd2 Qg5+ 63. Ke1 Qf6 64. Qd6 Qc3+ 65. Ke2
Qc4+ 66. Kf3 Qd5+ 67. Qxd5 exd5 68. Ke3 g5 69. Kd4 Ke6 70. Kc5 h4 71. Kc6 h3
0-1

[Event "Lichtenberger Sommer 2016"]
[Site "?"]
[Date "2016.08.17"]
[Round "5.70"]
[White "Stein, Siegfried"]
[Black "Weber, Gerald"]
[Result "0-1"]
[WhiteElo "1856"]
[BlackElo "1609"]
[PlyCount "86"]
[EventDate "2016.??.??"]
[WhiteTeam "SV Berolina Mitte"]
[BlackTeam "SSV Rotation Berlin"]

1. e4 c6 2. d4 d5 3. e5 e6 4. f4 c5 5. c3 cxd4 6. cxd4 Bb4+ 7. Nc3 Qa5 8. Bd2
Nc6 9. Nf3 Nge7 10. a3 Bxc3 11. Bxc3 Qb6 12. Bd3 Na5 13. Qe2 a6 14. O-O Bd7 15.
b4 Nc4 16. Kh1 Qc7 17. Rfc1 b5 18. Be1 Bc6 19. Bf2 h6 20. g4 Bd7 21. Bg3 Rg8
22. f5 Qd8 23. Nh4 g5 24. Nf3 exf5 25. gxf5 Nxf5 26. Bf2 g4 27. Nd2 Qg5 28. Nf1
h5 29. Ng3 Nxg3+ 30. hxg3 Bf5 31. Kg2 Ke7 32. Rh1 Rh8 33. Rh4 Bxd3 34. Qxd3
Rac8 35. a4 Qd2 36. Qxd2 Nxd2 37. axb5 axb5 38. Rhh1 Rc2 39. Ra7+ Kf8 40. Rb7
Kg7 41. Rxb5 Ne4 42. Rf1 h4 43. Kg1 hxg3 0-1

[Event "Lichtenberger Sommer 2016"]
[Site "?"]
[Date "2016.08.17"]
[Round "5.71"]
[White "Pöcheim, Stephan"]
[Black "Bonke, Hans-Jürgen"]
[Result "0-1"]
[WhiteElo "1724"]
[BlackElo "1574"]
[PlyCount "80"]
[EventDate "2016.??.??"]
[WhiteTeam "SF 1903 Berlin"]
[BlackTeam "SC Kreuzberg"]

1. d4 g6 2. c4 d6 3. Nc3 Bg7 4. e4 e6 5. f4 Ne7 6. Nf3 Nd7 7. Bd3 O-O 8. O-O c5
9. Be3 Nc6 10. Nb5 Qe7 11. e5 dxe5 12. dxe5 Rd8 13. Nd6 f6 14. Qd2 fxe5 15. Ne4
Nd4 16. fxe5 Nxf3+ 17. Rxf3 Nxe5 18. Bg5 Nxf3+ 19. gxf3 Bd4+ 20. Kh1 Qd7 21.
Bxd8 Qxd8 22. Rd1 Bd7 23. Qf4 Qf8 24. Qg3 Bc6 25. Qh3 Qf5 26. Qg2 Rf8 27. Rf1
Qf4 28. b3 Qe3 29. Bb1 Kg7 30. Ng5 Rf6 31. Ne4 Rf5 32. h3 Bxe4 33. Bxe4 Rg5 34.
Qh2 Be5 35. Qf2 Qf4 36. Bxb7 Rg3 37. Qh2 Qh4 38. f4 Rxh3 39. Qxh3 Qxh3+ 40. Kg1
Bd4+ 0-1

[Event "Lichtenberger Sommer 2016"]
[Site "?"]
[Date "2016.08.17"]
[Round "5.72"]
[White "Prütz, Sigurd"]
[Black "Bartoszewski-Reiski, Olaf"]
[Result "1/2-1/2"]
[WhiteElo "1724"]
[BlackElo "1574"]
[PlyCount "52"]
[EventDate "2016.??.??"]
[WhiteTeam "Königsjäger Süd-West"]
[BlackTeam "BKS Chemik Bydgoszcz"]

1. e4 c5 2. Nf3 e6 3. d3 Nc6 4. Nbd2 g6 5. g3 Bg7 6. Bg2 Nge7 7. O-O O-O 8. c3
d5 9. Qc2 d4 10. c4 e5 11. Ne1 Be6 12. h3 Qd7 13. Kh2 h5 14. Nb3 b6 15. f4 f6
16. Nf3 exf4 17. gxf4 Qc7 18. Kh1 Qd7 19. Ng1 Kh7 20. Rf3 Rg8 21. Bd2 Bh6 22.
Raf1 f5 23. e5 g5 24. Ne2 g4 25. R3f2 Raf8 26. a3 Qc7 1/2-1/2

[Event "Lichtenberger Sommer 2016"]
[Site "?"]
[Date "2016.08.17"]
[Round "5.73"]
[White "Kasper, Peter"]
[Black "Krüger, Ekkehard"]
[Result "0-1"]
[WhiteElo "1778"]
[BlackElo "1818"]
[PlyCount "120"]
[EventDate "2016.??.??"]
[WhiteTeam "SG Eckturm (Berlin)"]
[BlackTeam "Narva Berlin"]

1. b4 e5 2. Bb2 d6 3. e3 Nf6 4. Nf3 Bg4 5. Be2 Nbd7 6. b5 c6 7. c4 cxb5 8. cxb5
Be7 9. O-O Qb6 10. Nc3 O-O 11. h3 Bxf3 12. Bxf3 Rac8 13. a4 a5 14. Nd5 Nxd5 15.
Bxd5 Nf6 16. Bb3 Qc7 17. d3 Rfd8 18. Qd2 b6 19. Rac1 Qb8 20. Rxc8 Rxc8 21. Rc1
Qb7 22. Rc2 Ne8 23. Qc1 Rxc2 24. Qxc2 Qc7 25. Qxc7 Nxc7 26. e4 Kf8 27. Bc4 Bg5
28. Bc3 Na8 29. Kh2 g6 30. Kg3 Ke7 31. Kg4 Bc1 32. f3 Be3 33. Be1 Bf4 34. h4
h5+ 35. Kh3 Be3 36. g3 Nc7 37. Kg2 Ne6 38. Bd5 Nc5 39. Bc4 Nxa4 40. Kf1 Nc5 41.
Ke2 Bd4 42. Kd2 Ne6 43. Kc2 Bc5 44. Bxe6 Kxe6 45. Kb3 d5 46. g4 Be3 47. Ka4 Kd6
48. Bg3 Bd4 49. Be1 Kc5 50. Bg3 Kd6 51. Kb3 Bc5 52. Be1 f6 53. Bg3 Be3 54. Be1
Kc5 55. Bg3 Kxb5 56. g5 fxg5 57. hxg5 dxe4 58. dxe4 Bd4 59. Be1 a4+ 60. Ka2 Kc4
0-1

[Event "Lichtenberger Sommer 2016"]
[Site "?"]
[Date "2016.08.17"]
[Round "5.74"]
[White "Schmidt, Fabian"]
[Black "Verbitsky, Jaroslaw"]
[Result "1-0"]
[WhiteElo "1810"]
[BlackElo "1551"]
[PlyCount "61"]
[EventDate "2016.??.??"]
[WhiteTeam "Königsjäger Süd-West"]
[BlackTeam "SV Mattnetz Berlin"]

1. e4 c6 2. d4 d5 3. Nd2 dxe4 4. Nxe4 Bf5 5. Ng3 Bg6 6. h4 h6 7. Nf3 e6 8. Ne5
Bh7 9. Bd3 Bxd3 10. Qxd3 Be7 11. h5 Nd7 12. f4 Bb4+ 13. c3 Ba5 14. Bd2 Nxe5 15.
fxe5 Qd7 16. Ne4 Bc7 17. O-O-O Bxe5 18. Nc5 Qd6 19. dxe5 Qxc5 20. Qg3 Qf8 21.
Be3 Ne7 22. Bc5 b6 23. Qd3 f6 24. Qd7+ Kf7 25. exf6 gxf6 26. Rhe1 bxc5 27.
Qxe6+ Ke8 28. Qxc6+ Kf7 29. Qe6+ Ke8 30. Rd7 Rh7 31. Qc6 1-0

[Event "Lichtenberger Sommer 2016"]
[Site "?"]
[Date "2016.08.17"]
[Round "5.75"]
[White "Richter, Robert"]
[Black "Krusemark, Gerhard"]
[Result "0-1"]
[WhiteElo "1542"]
[BlackElo "1795"]
[PlyCount "76"]
[EventDate "2016.??.??"]
[WhiteTeam "SV Rüdersdorf"]
[BlackTeam "TSG Fredersdorf/Vogelsdorf"]

1. e4 c6 2. d3 d5 3. Nd2 e5 4. g3 Nf6 5. Bg2 Bd6 6. Qe2 O-O 7. Ngf3 Qc7 8. O-O
Re8 9. Nb3 h6 10. Nh4 b6 11. f4 Ba6 12. Nf5 Bc5+ 13. Nxc5 bxc5 14. fxe5 Qxe5
15. Bf4 Qxf5 16. Bxb8 Qe6 17. Bf4 c4 18. e5 g5 19. Bxg5 hxg5 20. Qf3 Nh7 21.
Rae1 Rf8 22. Qe3 cxd3 23. cxd3 Qg6 24. Rd1 Rfe8 25. Rf2 Re7 26. Bh3 g4 27. Bg2
Rae8 28. d4 f6 29. Qa3 Bb5 30. exf6 Nxf6 31. Qb4 Re2 32. Rdf1 Rxf2 33. Rxf2 Ne4
34. Rf4 Ng5 35. Bf1 Bxf1 36. Rxf1 Nh3+ 37. Kg2 Qe4+ 38. Rf3 Qxf3# 0-1